Statistics for Every FIFA World Cup Final Winner by Year

Click here to take the quiz!

General Stats

  • This quiz has been taken 52 times
  • The average score is 21 of 22

Answer Stats

YearWinnersScoreRunners-upHost Countr(y/ies)% Correct
1930Uruguay4–2ArgentinaUruguay
100%
1978 (AET)Argentina3–1NetherlandsArgentina
96%
1986Argentina3–2West GermanyMexico
96%
2022 (p)Argentina*3–3FranceQatar
96%
1994 (p)Brazil*0–0ItalyUnited States
96%
1970Brazil4–1ItalyMexico
96%
2002Brazil2–0GermanySouth Korea & Japan
96%
1966 (AET)England4–2West GermanyEngland
96%
2018France4–2CroatiaRussia
96%
1998France3–0BrazilFrance
96%
2014 (AET)Germany1–0ArgentinaBrazil
96%
2010 (AET)Spain1–0NetherlandsSouth Africa
96%
1990West Germany1–0ArgentinaItaly
96%
1974West Germany2–1NetherlandsWest Germany
96%
1958Brazil5–2SwedenSweden
94%
2006 (p)Italy*1–1FranceGermany
94%
1934 (AET)Italy2–1CzechoslovakiaItaly
94%
1954West Germany3–2HungarySwitzerland
94%
1962Brazil3–1CzechoslovakiaChile
92%
1982Italy3–1West GermanySpain
92%
1950 (g)Uruguay2–1BrazilBrazil
92%
1938Italy4–2HungaryFrance
88%

Score Distribution

Percentile by Number Answered

Percent of People with Each Score

Your Score History

You have not taken this quiz